| 000 | 00535nam a22001817a 4500 | ||
|---|---|---|---|
| 999 |
_c20333 _d20333 |
||
| 003 | BDDh-ASL | ||
| 005 | 20231015025856.0 | ||
| 008 | 201229s1969 stk||||| |||| 00| 0 eng d | ||
| 040 | _cBDDh-ASL | ||
| 082 |
_a297.0954 _bAZI |
||
| 100 | 1 |
_92648 _aAhmad, Aziz |
|
| 245 | 1 | 3 | _aAn Intelletual History of Islam in India / |
| 260 |
_aEdinburgh: _bDeinburgh University Press, _c1969. |
||
| 300 |
_a224 p.: _c21 cm. |
||
| 504 | _aInclude Bibliographical References and Index | ||
| 650 | 0 |
_91652 _aIslam _xSurvey _zIndia |
|
| 942 |
_2ddc _cBK |
||